[Event "Petrov Memorial op"]
[Site "St Petersburg"]
[Date "1996.??.??"]
[Round "6"]
[White "Malaniuk, Vladimir P"]
[Black "Gubanov, Anton"]
[Result "1-0"]
[WhiteElo "2585"]
[BlackElo "2375"]
[Annotator "Stohl,I"]
[PlyCount "97"]
[EventDate "1996.02.??"]
[EventType "swiss"]
[EventRounds "9"]
[EventCountry "RUS"]
[SourceTitle "CBM 052"]
[Source "ChessBase"]
[SourceDate "1996.06.01"]
[SourceVersion "1"]
[SourceVersionDate "1996.06.01"]
[SourceQuality "1"]

1. e4 d6 2. d4 Nf6 3. Nc3 g6 4. Be2 Bg7 5. h4 c5 6. d5 $5 (6. dxc5 Qa5 7. Kf1 (
7. Qd3 Qxc5 8. Be3 Qa5 9. Qb5+ (9. O-O-O Nc6 10. h5 Be6 11. h6 Bf8 12. a3 a6
13. Nd5 Bxd5 14. exd5 Ne5 15. Qb3 b5 16. f4 Ned7 17. Bd4 Rc8 18. Rh3 Rg8 19. g4
g5 20. Nf3 gxf4 21. g5 Ne4 22. Qd3 f5 23. gxf6 Nexf6 24. Bxf6 Nxf6 $15 {
Masternak,G-Szymczak,Z/Lubniewice POL-chT/1995/}) (9. h5 Nxh5 $1 (9... Nc6 10.
h6 Bf8 11. O-O-O Bd7 12. a3 Ne5 13. Qd4 Rc8 14. f3 a6 15. g4 Nc6 16. Qd2 e6 17.
Bf4 Ne5 18. Bg5 Be7 19. Kb1 Rxc3 20. Bxf6 Bxf6 21. Qxc3 Qxc3 22. bxc3 Ke7 23.
f4 {1-0/Gurevich,I-McDonald,N/London Lloyds/1992/} Nc6 24. e5 $1 dxe5 25. g5
$18) 10. Qb5+ Qxb5 11. Nxb5 Na6 12. Bxh5 gxh5 13. O-O-O f5 $1 14. exf5 Bxf5 15.
Rxd6 Bxc2 16. Rd2 Bg6 17. Rh4 O-O 18. Ne2 Rfc8+ 19. Kd1 Bf6 20. Rh3 Nc5 $17 {
Benjamin,J-Chernin,A/Buenos Aires/1992/}) 9... Qxb5 10. Nxb5 Na6 11. f3 d5 12.
e5 Nh5 13. f4 Ng3 14. Rh2 Bd7 15. Bd3 O-O 16. a3 b6 17. Nc3 Nc7 18. Nge2 Nf5
19. Bf2 Nh6 20. Bg1 Ng4 21. Rh1 h5 22. O-O-O e6 23. g3 Rfc8 24. Nd4 Bf8 25. Be2
Nh6 $10 {Majorov-Sedov/Yalta op/1995/}) 7... Qxc5 8. Be3 (8. h5 Nc6 9. h6 Bf8
10. Be3 Qa5 11. a3 e6 12. b4 Qd8 13. b5 Na5 14. Rb1 b6 15. Bf3 Bb7 16. Nge2 Nc4
17. Rb3 Nxe3+ 18. fxe3 Nd7 19. Nf4 Ne5 20. Nce2 g5 21. Nd3 g4 $1 22. Nxe5 dxe5
23. Rd3 Qg5 $19 {Kuipers,E-Oral,T/Duisburg WchJM-U16/1992/}) 8... Qa5 (8... Qb4
9. a3 Qa5 10. h5 gxh5 $5 (10... Nc6 11. h6 Bf8 12. Nh3 Bxh3 13. Rxh3 e6 14. Bf4
a6 15. Bxd6 O-O-O 16. Rd3 Bxd6 17. Rxd6 Qe5 18. Rxd8+ Rxd8 19. Bd3 Qh2 20. f3
Ne5 21. Qe1 Qh1+ 22. Kf2 Qxh6 23. Rd1 g5 $36 {1/2-1/2 Malaniuk,V-Ivanov,I/
Philadelphia op (4) 1990 (34)}) 11. Nh3 Nc6 12. Nf4 Ng4 13. Rxh5 Nxe3+ 14. fxe3
Be5 15. b4 Qd8 16. Qd2 Bd7 17. Rd1 a6 18. Kf2 Rc8 19. Na2 e6 20. c4 Qf6 21. Nc1
Rd8 22. Nb3 Bc8 23. Rdh1 Bb2 24. b5 Ne5 $17 {Horvath,Gy-Zimmerman,Y/Budapest
Schneider op/1995/}) 9. h5 gxh5 10. Nh3 Nc6 $142 (10... Bg4 $6 11. Nf4 Nc6 12.
f3 Be6 (12... Bd7 13. Ncd5 Nxd5 14. exd5 Ne5 15. Nxh5 Bf8 16. Qd4 Rg8 17. c4
Rc8 18. b3 b6 19. g4 Kd8 20. Kf2 Qa3 21. Bc1 Qc5 22. Qxc5 bxc5 23. Bd2 h6 24.
Rag1 Kc7 25. Bd1 Nd3+ 26. Ke2 Ne5 27. Bc2 $16 {[%csl Re7,Rf7,Rh6] ק,Survila,
R-Rumiancev,B/LTU-ch (03) Vilnius 1995/}) 13. a3 O-O-O 14. Nb5 Rd7 15. b4 Qd8
16. c4 Kb8 17. Rc1 b6 18. Nd5 Rb7 19. c5 dxc5 20. Bf4+ Kc8 21. Nxe7+ $1 {
1-0 Malaniuk,V-Azmayparashvili,Z/Baku 1983}) 11. Nf4 Ng4 $15) 6... h5 (6... e6
$5 7. h5 exd5 8. exd5 (8. h6 Bf8 9. exd5 Be7 $13) 8... Nxh5 9. Bxh5 Bxc3+ 10.
bxc3 gxh5 $132) (6... e5 7. h5 Bd7 8. a4 Na6 9. hxg6 fxg6 10. Bb5 O-O 11. Bxd7
Nxd7 12. Nf3 c4 13. Qe2 Bf6 14. Qxc4 Rc8 15. Qe2 Qa5 16. Ra3 Nb6 17. Qb5 Nc4
18. Qxa5 Nxa5 19. Kd1 Nc4 20. Ra1 Nb4 21. b3 Nb6 22. Ba3 $18 {Lutzenberger,
R-Gebhardt,U/OSEM-A WD Ulm/1995/}) (6... O-O 7. h5 b5 8. hxg6 b4 9. gxh7+ Kh8
10. Nb1 Nxe4 11. Rh4 f5 12. Nf3 Nd7 13. Nbd2 Nef6 14. Nc4 Nb6 15. Bh6 Nbxd5 16.
Qd2 f4 17. O-O-O Bf5 18. Rdh1 Qd7 19. g4 Bxh6 20. gxf5 Bg7 21. Qd3 Qc7 22. Ng5
b3 23. a3 e5 24. fxe6 $40 {Khropov,B-Lavrov,A/Budapest Spring-op/1994/}) (6...
a6 $5 7. a4 O-O 8. h5 e6 9. hxg6 fxg6 10. Bh6 exd5 11. Bxg7 Kxg7 12. exd5 Nbd7
13. Qd2 Ne5 14. Nf3 Nxf3+ 15. Bxf3 Qe7+ 16. Kf1 Bf5 17. Re1 Qd7 18. Ne4 Bxe4
19. Bxe4 Rae8 20. Rh4 Re5 21. Bf3 Rxe1+ 22. Kxe1 Re8+ $15 {Portisch,G-Tolnai,T/
Budapest Spring op/1992/}) 7. Nh3 (7. Nf3 Na6 8. a4 Nc7 9. Bf4 O-O 10. Qd2 Re8
11. O-O Bg4 12. Rfe1 a6 13. Bf1 Bxf3 14. gxf3 e6 15. Bg5 exd5 16. exd5 Qd7 17.
a5 Nh7 18. Bf4 Bd4 19. Bg3 Nf6 20. Ne2 Be5 21. c4 Qf5 22. Ra3 Nd7 23. f4 Bg7
$15 {[%csl Rf2,Rf4,Rg3,Rh4] ק,Bg3,Doljanin-Plachetka/Stara Pazova/1988/}) 7...
Nbd7 $6 (7... O-O 8. Ng5 $14) (7... Bxh3 $5 8. Rxh3 Na6 9. Bf4 Nc7 $13) (7...
Na6 $142 {In these positions the N doesn't belong on d7.} 8. Bf4 (8. Bg5 Nc7 9.
a4 b6 10. f3 a6 11. Nf2 (11. Qd2 Bd7 12. Nf2 b5 13. axb5 axb5 14. Rxa8 Qxa8 15.
O-O O-O 16. Bh6 b4 17. Ncd1 Bb5 18. Bxg7 Kxg7 19. Bxb5 Nxb5 20. Qg5 Nd4 21. Ne3
Re8 22. Re1 Qa2 $132 {Kaeding,R-Baumhus,R/2BLW 8990/1990/}) 11... Bd7 12. O-O
b5 13. Qd2 Qb8 14. b3 $6 b4 15. Na2 Nh7 16. Bh6 Bxa1 17. Rxa1 Qb6 18. Nc1 O-O-O
19. Ncd3 a5 20. Nb2 Na8 21. Nc4 Qa7 22. Qf4 f6 23. Nd3 Rhg8 24. Qg3 g5 $17 {
Jansson,J-Elsness,F/NOR-ch/1993/}) 8... Qa5 9. Ng5 Bd7 10. O-O Ng4 11. Bd2 Qd8
12. Qc1 Nc7 13. a4 a6 14. Nd1 b5 15. f3 Nf6 16. axb5 axb5 17. Ne3 e6 18. Rxa8
Qxa8 19. dxe6 Nxe6 20. Nxe6 fxe6 21. Qe1 Kf7 22. Qg3 Qb8 23. Bd3 c4 $10 {
Schlaugat,M-Laven,R/BL 8182/1981/}) 8. Bf4 Ne5 9. f3 Bd7 10. Nf2 $14 a6 11. a4
O-O (11... b6 12. Rb1 {[%cal Rb2b4] /\b4+/=}) 12. a5 $1 {[%csl Rb6] ><b6} Bb5 (
12... b5 $142 13. axb6 Qxb6 14. Ra2 Ne8 $14) 13. Qd2 (13. Bxb5 $6 axb5 14. Bxe5
dxe5 15. Nxb5 Rxa5 16. c4 Qa8 $36 {[%cal Yg7h6] /\Bh6}) 13... Bxe2 (13... b6
14. Bxe5 dxe5 15. axb6 Qxb6 16. O-O {[%csl Ra6,Rc5,Re5] ><a6,c5,e5}) 14. Qxe2
Nfd7 15. Bc1 $1 {[%cal Rf3f4] /\f4} (15. Be3 b5 $132) 15... Nf6 16. Bg5 b5 17.
axb6 Qxb6 18. Ra2 $16 {[%csl Gd5,Ge4][%cal Ga2a8] <->a,[+]} Ra7 19. O-O Nh7 20.
Bd2 {White's following play is a model example. He ties down a part of Black's
forces to the defense of Pa6 and prepares a central advance, (e5) creating
either new weaknesses (as in the game) or focusing on Black's K.} Nd7 21. Rfa1
Nb8 (21... Rfa8 22. Ncd1 {[%cal Yd1e3,Ye3c4,Yf2d3,Yf3f4,Ye4e5] /\Ne3-c4,Nd3,f4,
e5}) 22. Ncd1 Rc8 23. Ne3 Qd8 24. Nc4 Qf8 25. Bf4 Bf6 26. g3 Qg7 27. Kg2 Nf8 (
27... g5 $2 28. hxg5 Bxg5 29. Bxg5 Qxg5 30. Rh1 $18 {[%csl Rh5] ><h5}) 28. c3 {
Protects d4 and stops any possible counterplay on the long diagonal.} Nfd7 29.
Nd3 Rb7 30. e5 $1 {After this fundamentally prepared breakthrough Black's
position falls apart.} dxe5 31. Ndxe5 Nxe5 (31... Nf8 32. Na5 $18 {[%csl Rc6]
><c6}) 32. Nxe5 Qf8 (32... Bxe5 33. Bxe5 Qf8 34. c4 {[%cal Re5c3,Re2e5] /\Bc3,
Qe5}) 33. Nc4 Qd8 (33... Rd7 $2 34. Nb6) (33... Rd8 34. Qe4 $18 {[%cal Rd5d6,
Rf4b8,Ra2a6] /\d6,Bb8,Ra6}) 34. Na5 $1 Rb6 35. Bxb8 Rcxb8 36. Nc6 $18 Qxd5 37.
Nxb8 Rxb8 38. Rxa6 Rd8 (38... c4 39. R6a4 Rc8 40. Rd1 $18) 39. R6a4 Be5 (39...
Qd2 40. Re4 $18) 40. Re4 Bd6 41. Rd1 Qb3 42. Rd2 Ra8 43. Qc4 Qb8 44. f4 Ra1 $6
(44... e6 $142 45. Qd3 Bf8 46. Qd7 $18) 45. Qd5 Qb5 46. Rf2 $40 Rb1 47. f5 gxf5
(47... Rxb2 48. fxg6 Rxf2+ 49. Kxf2 Qb2+ 50. Re2 $18) 48. Qxf5 f6 49. Rxe7 $1 (
49. Rxe7 Bxe7 $8 50. Qxb1 $18) 1-0

[Event "Petrov Memorial op"]
[Site "St Petersburg"]
[Date "1996.??.??"]
[Round "7"]
[White "Yuferov, Sergey N"]
[Black "Riazantsev, Alexander"]
[Result "1-0"]
[WhiteElo "2440"]
[BlackElo "2300"]
[Annotator "Stohl,I"]
[PlyCount "63"]
[EventDate "1996.02.??"]
[EventType "swiss"]
[EventRounds "9"]
[EventCountry "RUS"]
[SourceTitle "CBM 052"]
[Source "ChessBase"]
[SourceDate "1996.06.01"]
[SourceVersion "1"]
[SourceVersionDate "1996.06.01"]
[SourceQuality "1"]

1. d4 Nf6 2. Nf3 g6 3. g3 Bg7 4. Bg2 O-O 5. O-O d6 6. Nc3 Nbd7 7. e4 (7. a4 $5
c6 (7... e5 8. dxe5 dxe5 9. a5 $13) 8. e4 Qc7 9. h3 a5 10. Be3 e5 11. Re1 Re8
12. d5 Nb6 13. Nd2 Bd7 14. Qe2 cxd5 15. exd5 e4 16. Nb5 Bxb5 17. Bxb6 Qxb6 18.
Qxb5 Qxb5 19. axb5 Nxd5 20. Rxe4 Rxe4 21. Bxe4 Nb6 $10 {Smyslov,V-Mortensen,E/
Copenhagen/1985/}) 7... e5 8. Re1 Re8 (8... b6 9. a4 a5 10. b3 Bb7 11. Bb2 Re8
12. Qd2 exd4 13. Nxd4 Nc5 14. f3 Re7 15. Rad1 Qd7 16. Qc1 Rae8 17. Ndb5 Qc8 18.
Qa1 Nh5 19. g4 $2 Nf4 20. Nd5 Bxd5 21. Bxg7 Nxg2 22. Kxg2 Bxe4 $1 $19 {Mainka,
G-Stohl,I/BL 9394/1994/}) (8... h6 9. h3 c6 10. a4 Re8 11. Be3 exd4 12. Nxd4
Ne5 13. Qe2 d5 14. exd5 cxd5 15. b3 Nc6 16. Qd2 Kh7 17. Rad1 Be6 18. Nce2 Bd7
19. Nb5 Be6 20. Nbd4 a6 $14 {Lazic,M-Ilincic,Z/JUG-ch/1990/}) 9. a4 (9. b3 exd4
10. Nxd4 Nc5 11. Bb2 Bg4 12. f3 Bd7 13. Qd2 Ne6 14. Nce2 b5 15. Rad1 Qb8 16.
Nxe6 fxe6 17. e5 Nd5 18. f4 Bc6 19. Nd4 Qb6 20. Kh1 Bb7 21. Nxe6 $16 {Armas,
J-Diaz,JC/CUB-ch Colon/1993/}) (9. dxe5 Nxe5 10. h3 Bd7 11. Nd4 a6 12. f4 Nc4
13. b3 c5 14. Nde2 Nb6 15. Qxd6 Nfd5 16. Nxd5 Nxd5 17. Qxd5 Bxa1 18. Be3 Bd4
19. Nxd4 cxd4 20. Qxd4 Bc6 21. Qxd8 Raxd8 22. e5 Bxg2 23. Kxg2 Re6 24. Kf2 f6
25. exf6 Kf7 $10 {Garcia_Gonzales-Smejkal/Thessaloniki ol/1984/}) 9... a5 (9...
c6 10. a5 Rb8 11. d5 Nc5 12. b4 Na6 13. Rb1 cxd5 14. exd5 Bd7 15. Ng5 Rc8 16.
Bd2 h6 17. Nge4 Nxe4 18. Nxe4 Bb5 19. Nc3 Bc4 20. Be3 b6 21. b5 Nb8 22. axb6
axb6 23. Rb4 f5 24. Na4 Nd7 25. Nb2 Ba2 26. c4 e4 27. Qc2 Nc5 28. Bf1 Ra8 29.
Nd1 $13 {1/2/Rashkovsky,N-Isupov,V/Moscow op2/1995/}) 10. h3 exd4 (10... c6
$142 11. Be3 exd4 12. Nxd4 Nc5 $132) 11. Nxd4 Nc5 12. Bf4 Nfd7 (12... Ne6 13.
Be3 Nxd4 14. Bxd4 $14) (12... Nh5 13. Be3 Nf6 14. f3 $14 {[%csl Gd4,Ge4] ()[+],
/\} d5 $2 15. Ndb5) 13. Be3 (13. Ndb5 $5 $36) 13... Ne5 (13... c6 $142 14. f4
Nf6 15. Bf2 $14) 14. Qe2 Bd7 $2 (14... c6 $8 {Black to his own disadvantage
ignores this move, which protects the important b5 and d5-squares.}) 15. f4 Nc6
16. Ndb5 $1 $16 {[%cal Re4e5] /\e5 /\} Na6 (16... Ne6 17. Nd5 {[%cal Rf4f5] /
\f5+-}) 17. Rad1 f5 (17... Qc8 $142 18. g4 Ncb4 $16 {[%cal Yd7c6,Ya6b8,Yb8d7] /
\Bc6,Nb8-d7 With his badly placed pieces Black is not prepared for an open
position.}) 18. exf5 Bxf5 (18... gxf5 19. Nd5 $40) 19. g4 Be6 20. Ne4 $1 {
[%cal Re4g5] /\Ng5+- /\} Kh8 21. f5 $1 Bg8 (21... gxf5 22. Bg5 Qc8 (22... Qd7
23. Nf6 Bxf6 24. Bxf6+ Kg8 25. gxf5 Bxf5 26. Bd5+ Kf8 27. Qh5 $18) 23. Nf6 Re7
24. Nh5 $40) 22. f6 Bf8 (22... Bxf6 23. Nbxd6 $1 (23. Nxf6 Qxf6 24. Bxc6 Rxe3
25. Qxe3 bxc6 $16) 23... cxd6 24. Rxd6 Qe7 (24... Nd4 25. Qf2) 25. Rxf6 $18)
23. Qf2 $18 Qd7 24. Ng5 {[%cal Rf6f7] /\f7+-} Ne5 (24... h6 25. f7 hxg5 26.
fxe8=Q Rxe8 27. Bxg5 $18) 25. Bxb7 Nb4 26. Bd4 Nf7 27. Re7 $1 Nxg5 (27... Bxe7
28. fxe7+ Ne5 29. Qf6#) 28. Rxd7 Nxh3+ 29. Kg2 Nxf2 30. f7+ Bg7 (30... Re5 31.
Bxe5+ dxe5 32. fxg8=Q+ Kxg8 33. Kxf2 $18) 31. Bxg7+ Kxg7 32. fxe8=Q+ 1-0

[Event "Moscow2"]
[Site "Moscow"]
[Date "1995.??.??"]
[Round "?"]
[White "Vasiukov, Evgeni"]
[Black "Bologan, Viktor"]
[Result "1/2-1/2"]
[WhiteElo "2490"]
[BlackElo "2540"]
[Annotator "Stohl,I"]
[PlyCount "90"]
[EventDate "1995.04.??"]
[EventType "tourn"]
[EventRounds "9"]
[EventCountry "RUS"]
[EventCategory "11"]
[SourceTitle "CBM 047"]
[Source "ChessBase"]
[SourceDate "1995.08.01"]
[SourceVersion "1"]
[SourceVersionDate "1995.08.01"]
[SourceQuality "1"]

1. e4 d6 2. d4 Nf6 3. Nc3 e5 4. dxe5 (4. Nf3 $1 {-C41}) 4... dxe5 5. Qxd8+ Kxd8
6. Bc4 Be6 (6... Ke8 7. Nf3 Bd6 8. Be3 a6 9. a4 Bd7 10. Ng5 Rf8 11. Nd5 Nxd5
12. Bxd5 c6 13. Bb3 h6 14. O-O-O Bc7 15. Nf3 Bg4 16. Bc5 Rg8 17. Bd6 Bxd6 18.
Rxd6 Nd7 19. Rhd1 $14 {Hodgson,Ju-Azmayparashvili,Z/Wijk op/1993/}) 7. Bxe6
fxe6 8. Bg5 (8. Be3 Bd6 9. f3 Nc6 10. O-O-O a6 11. h4 Nh5 12. Nge2 Ke7 13. Bg5+
Kf7 14. g4 Nf4 15. Nxf4 exf4 16. Ne2 e5 17. h5 Ke6 18. c3 Be7 19. Bxe7 Nxe7 20.
Kc2 Rad8 $10 {1/2:1/2,Galego,L-Lima,D/Linares op/1995/}) 8... Bd6 9. Nge2 (9.
f3 Nc6 10. Nh3 $5 {/\Nf2-d3}) 9... Nc6 10. f3 a6 (10... Ke7 11. Nb5 a6 12. Nxd6
cxd6 $10) 11. O-O-O Ke7 12. Kb1 (12. Rhf1 Bc5 $2 13. f4 $1 exf4 14. Nxf4 Rhf8
15. Nh5 Rf7 16. Nxg7 Rg8 17. Rxf6 Rxf6 18. e5 Nxe5 19. Ne4 Be3+ 20. Bxe3 Rg6
21. Bc5+ Kf7 22. Nh5 $18 {Grosar,A-Bologan,V/Manila olm/1992/}) 12... Raf8 13.
b3 (13. Rhf1 $5 h6 14. Be3 Nh5 15. g3 Rf7 16. Rf2 Rhf8 17. Rdf1 $14 {/\Nc1-d3})
13... h6 14. Be3 (14. Bxf6+ gxf6 $1 $132 {/\h5-h4}) 14... Nh5 $1 $132 15. Na4
Nf4 16. Nxf4 exf4 17. Bf2 b6 (17... Ne5 $6 18. Nc5 $36) 18. Nb2 Ne5 19. Bd4 (
19. Nd3 Rhg8 $1 $10 (19... Nxd3 20. cxd3 $5 $14 {[+]})) 19... Rhg8 20. Nd3 $6 (
20. Bxe5 Bxe5 21. Nc4 Bd6 $10) 20... Nxd3 21. Rxd3 (21. cxd3 e5 {/\c5=/+,()})
21... e5 22. Bf2 g5 $36 23. Rhd1 {/\Bb6} Rb8 24. h3 h5 25. c4 g4 26. hxg4 hxg4
27. Rd5 {/\c5<=>} Ke6 (27... g3 28. Bxb6 $1 Rxb6 29. c5 Rc6 30. cxd6+ cxd6 $10)
(27... gxf3 $142 28. gxf3 Rg2 29. Bxb6 $8 Rxb6 30. c5 Rc6 31. cxd6+ cxd6 32.
R1d2 Rxd2 33. Rxd2 Rc3 34. Rf2 Ke6 35. Kb2 Re3 {/\d5|^}) 28. Bxb6 Rxb6 29. c5
Rb5 (29... Rc6 30. cxd6 cxd6 31. Kb2 $13) 30. cxd6 Rxd5 31. Rxd5 cxd6 32. Kc2
Rc8+ (32... gxf3 33. gxf3 Rg3 34. Rd3 Rg2+ 35. Rd2 $10) 33. Kd2 Rh8 34. Kc3 $1
(34. fxg4 $2 Rh2 $19) 34... Rh2 35. Rd2 g3 (35... gxf3 36. gxf3 Rh3 37. Rd3 $14
{/\b4,a4|^}) 36. b4 d5 $1 37. exd5+ Kd6 38. Re2 $1 (38. a4 $2 e4 39. fxe4 f3
$19) 38... Kxd5 (38... e4 39. Rxe4 Rxg2 40. Rxf4 Rxa2 41. Rg4 $10) 39. a4 Rh1
40. Rd2+ Ke6 (40... Kc6 41. Re2 $10) 41. b5 axb5 42. axb5 Rf1 (42... e4 43.
fxe4 Ke5 44. b6 Kxe4 45. b7 Rh8 46. Rb2 Rb8 47. Kc4 f3 48. gxf3+ Kxf3 49. Kc5
g2 50. Rxg2 Kxg2 51. Kc6 $10) 43. Kd3 $1 (43. b6 $2 Rb1 44. Rb2 Rxb2 45. Kxb2
Kd6 {/\e4-+}) 43... Rb1 (43... Re1 44. Re2 Rb1 45. Kc4 $132) 44. Kc4 Rc1+ 45.
Kb4 Rb1+ (45... Rb1+ 46. Ka5 Ra1+ 47. Kb4 $10 (47. Kb6 $2 Rf1 {/\Rf2-/+}))
1/2-1/2

[Event "Ischia"]
[Site "Ischia"]
[Date "1996.??.??"]
[Round "1"]
[White "Smirin, Ilia"]
[Black "Gofshtein, Leonid D"]
[Result "0-1"]
[WhiteElo "2615"]
[BlackElo "2540"]
[Annotator "Stohl,I"]
[PlyCount "48"]
[EventDate "1996.06.??"]
[EventType "tourn"]
[EventRounds "9"]
[EventCountry "ITA"]
[EventCategory "14"]
[SourceTitle "CBM 054"]
[Source "ChessBase"]
[SourceDate "1996.10.01"]
[SourceVersion "1"]
[SourceVersionDate "1996.10.01"]
[SourceQuality "1"]

1. e4 {Greenfeld} g6 2. d4 Bg7 3. Nc3 d6 4. Be3 c6 5. Qd2 b5 6. f3 (6. Bd3 Nd7
7. Nf3 Qc7 8. O-O Ngf6 9. Bh6 O-O 10. Bxg7 Kxg7 11. Rfe1 e5 12. Nd1 a5 13. c3
Rb8 14. b4 Re8 15. dxe5 dxe5 16. Ne3 Rd8 17. Rad1 Nb6 18. Qc1 Na4 19. Bb1 Rxd1
20. Rxd1 h6 21. a3 Be6 22. Qd2 Ra8 23. Bc2 Nb2 $15 {Karason,AO-Sigurjonsson,G/
Gardabaer ICE-chT 9596/1996/}) 6... Nd7 7. h4 (7. g4 Ngf6 8. Bh6 Bxh6 9. Qxh6
e5 $132) 7... Ngf6 (7... h5 8. Nh3 (8. a4 $6 b4 9. Nce2 a5 10. Nh3 Ngf6 11. Nf2
Ba6 12. Rd1 Qc7 13. b3 c5 14. dxc5 Nxc5 15. Nd4 Bxf1 16. Kxf1 Qb7 17. Nb5 Ne6
18. Qe2 O-O 19. Kg1 Rfc8 20. Nd3 Nc7 21. Nxc7 Qxc7 22. Rd2 Nd7 23. f4 Bc3 24.
Rd1 Qc6 25. Nf2 Bg7 26. Rd2 Nc5 27. Bxc5 Qxc5 28. Kh2 Rc7 $36 {Kislov,M-Belov,
I/St.Mesto op/1992/}) 8... Nb6 9. Ng5 Rb8 10. Nd1 d5 11. Bf4 Rb7 12. e5 Nh6 13.
Bd3 Nf5 14. Bxf5 Bxf5 15. Ne3 Nc4 16. Nxf5 Nxd2 17. Nxg7+ Kd7 18. e6+ Kc8 19.
exf7 Nc4 20. N7e6 Qa5+ 21. Kf2 Qb4 22. b3 Nd6 23. c3 Qxc3 24. Rhc1 Qb2+ 25. Kf1
Rb6 26. Rab1 Qxa2 27. Ra1 Qxb3 28. Rxa7 Rb7 29. Rxb7 Nxb7 30. Rxc6+ {1-0,
Ashley,M-Weeramantry,S/New York op/1991/}) (7... h6 8. a4 Qa5 9. Bd3 b4 10.
Nce2 Rb8 11. Nh3 Ngf6 12. b3 c5 13. Rd1 a6 14. dxc5 Nxc5 15. Nf2 Bb7 16. O-O
Rc8 17. Bc4 Nfd7 18. Nf4 Ne5 19. Be2 Ba8 20. N2d3 Nc6 21. Nf2 Ne5 22. N2d3 Nc6
23. Nf2 $10 {1/2,Kaminski,M-Markowski,T/POL-ch Brzeg Dolny/1996/}) (7... Nb6 $6
8. h5 gxh5 9. Rxh5 Nf6 10. Rh1 h5 11. Nh3 Qc7 12. a3 Nc4 13. Bxc4 bxc4 14. Nf4
Rb8 15. Rb1 Ba6 16. Kf2 h4 17. Nfe2 Bc8 18. Bg5 h3 19. g4 e5 20. dxe5 dxe5 21.
Kg3 Be6 22. Rxh3 $16 {Savchenko,S-Varavin,V/Gausdal Peer Gynt/1993/}) 8. g4 (8.
Nh3 Qc7 9. O-O-O Nb6 10. Bh6 Bxh6 11. Qxh6 b4 12. Ne2 Be6 13. Kb1 a5 14. Nhf4
Bc4 15. Nc1 a4 16. h5 g5 $1 17. Qxg5 Rg8 18. Qf5 h6 19. Nfd3 b3 20. cxb3 axb3
21. axb3 Rg5 22. Qf4 Be6 23. Nc5 Qa7 24. Nxe6 fxe6 25. Qd2 c5 $44 {Hecht,
HJ-Jansa,V/Wijk aan Zee-B/1971/}) 8... h5 $5 $146 (8... Nb6 9. h5 a6 10. a4 Bb7
11. a5 Nbd7 12. h6 Bf8 13. g5 Nh5 14. Bh3 Qc7 15. Bg4 O-O-O 16. Nge2 e6 17.
Bxh5 gxh5 18. Rxh5 Rg8 19. Nd1 Be7 20. Nf2 c5 21. c3 c4 22. Qc2 Rdf8 23. b4
cxb3 24. Qxb3 Kb8 25. f4 Ka8 26. Rh3 Nb8 $1 $44 {Ciocaltea,V-Sznapik,A/Wijk
aan Zee-B/1975/}) (8... h6 {Greenfeld} 9. Bd3 $6 (9. Nh3) 9... Bb7 10. Nge2 a6
11. Ng3 $6 c5 12. h5 $2 Nxg4 $1 $17 {Riemersma,L-Nijboer,F/Sonnevanck/1995}) 9.
g5 Nh7 (9... Ng8 {Greenfeld} 10. a3 Bb7 11. f4 a5 12. Bg2 b4 13. Nce2 c5 14.
Nh3 e6 15. O-O Ne7 16. axb4 cxb4 17. Ng3 O-O 18. f5 $40 {Efimov,I-Nievergelt,J/
Geneva/1991}) 10. Nge2 {>=} (10. f4 {Greenfeld} b4 11. Nd1 c5 12. Nf3 Bb7 13.
Nf2 {/\ Be2,0-0}) 10... b4 11. Nd1 Rb8 12. Nf2 (12. Bh3 $142 {[%cal Ye1g1,
Yf3f5] /\0-0,f4-f5,פh7}) (12. a3 $5 {Greenfeld} a5 13. axb4 axb4 14. Nf2 {
/\ Bg2,0-0}) 12... c5 $13 13. f4 (13. c3 {Greenfeld} bxc3 14. bxc3 Qa5) 13...
Qc7 14. O-O-O $2 {An example of castling "into it". Now Black unleashes a
strong attack, which practically plays itself.} (14. Bg2 cxd4 15. Bxd4 e5 16.
Be3 exf4 17. Bxf4 Ne5 $15) (14. c3 bxc3 15. bxc3 Nb6 $36) (14. f5 $5 cxd4 15.
Nxd4 Ne5 16. O-O-O $132) (14. Bh3 cxd4 15. Nxd4 Nc5 16. Bxc8 Qxc8 {[%csl Re4]
[%cal Rc8b7] /\Qb7,><e4}) (14. Bg2 {Greenfeld /\ 0-0}) 14... Nb6 15. Ng3 (15.
b3 c4 $1 $40 {/\} 16. Qxb4 Nd5 17. Qxb8 (17. Qd2 c3 18. Qd3 Nb4 $19) 17... Qxb8
18. exd5 Qb4 $17) 15... Na4 16. f5 (16. Qd3 $8) (16. Kb1 Nc3+) 16... c4 $1 $40
{[%cal Rc4c3] /\c3-+} 17. Qe1 (17. Qe2 Ba6 $1 $40 {[%cal Rb4b3,Ra4c3] /\b3,Nc3!
} (17... Nc3 $2 18. bxc3 bxc3 19. Qxc4)) 17... b3 $1 18. axb3 $8 Rxb3 $1 $19 {
White can't defend his b2P and his position falls apart.} (18... cxb3 19. c3
$15) 19. e5 {White's play in the center comes too late, the game will be
quickly decided on the other side.} (19. cxb3 cxb3+ 20. Kb1 Qc2+ 21. Ka1 Qxb2#)
19... Rxb2 {Black's K is safe on e8.} 20. f6 (20. exd6 Qxd6 21. Bxc4 (21. f6 c3
22. fxg7 Rb1+ $19)) 20... c3 $1 {[%cal Rb2b1] /\Rb1!-+} 21. Rd3 $8 (21. Nd3 Qb6
22. Qxc3 $8 Rb1+ 23. Kd2 Rxd1+ $19) (21. fxg7 Rb1+) 21... Qb7 22. Rxc3 {
A hopeless, but forced sacrifice.} (22. Kd1 Rxc2 $1 $19 (22... Qf3+ 23. Qe2 (
23. Kc1 Ra2 24. Kb1 Qb7+) 23... Rb1+ 24. Bc1 Nb2+ 25. Ke1 Rxc1+ $19)) 22...
Rb1+ 23. Kd2 Nxc3 24. fxg7 Rg8 {White is already short of material and above
all his Q is trapped.} 0-1